00419nam a2200157Ia 45000010006000000050017000060080041000230410008000640820017000721000039000892450080001282600009002083000028002176500008002456540008002531802120260306171600.0260306s9999||||xx |||||||||||||| ||und|| aESP a658.314bL45 aPérez López, Juan AntonioeAUT 0aTeoría de la acción humana en las organizaciones:bla acción personal c1991 a300 páginas :c20 cm. aGEN aCAN